NATO Phonetic Alphabet Quiz Stats

Quiz Updated Dec 18, 2017

Also try: Defuse The Bomb!
Challenge
Share
Tweet
Embed
Score 0/26 Timer 05:00
32 Plays Today
Letter Word % Correct
AAlfa
98.8%
CCharlie
90%
DDelta
86.2%
BBravo
84.3%
FFoxtrot
80%
EEcho
70.1%
TTango
65.4%
XX-ray
64.9%
ZZulu
62.9%
HHotel
57.8%
LLima
57.1%
KKilo
55.1%
IIndia
55%
Letter Word % Correct
GGolf
54.5%
JJuliett
54.4%
RRomeo
53.3%
WWhiskey
49.7%
OOscar
49%
YYankee
48.2%
NNovember
47.8%
VVictor
47.6%
SSierra
47.6%
MMike
47.2%
QQuebec
46%
PPapa
43.4%
UUniform
42.9%

You're not logged in!

Compare scores with friends on all Sporcle quizzes.
Sign Up with Email
OR
Log In

You Might Also Like...

Show Comments

Extras

Top Quizzes Today


Score Distribution

Your Account Isn't Verified!

In order to create a playlist on Sporcle, you need to verify the email address you used during registration. Go to your Sporcle Settings to finish the process.